000 00632nam a2200217Ia 4500
005 20250508170209.0
008 008 250505s9999 xx 000 0 eng d
020 _a978-1-032-23351-2
037 _aReference
040 _aFEDL
_beng
_cFEDL
041 _aeng
_2eng
084 _a370.954 14, DUT/R
_qFEDL
100 _aDutta Sutapa
245 0 _aDisciplined subjects: Schooling in colonial Bengal
260 _aAbingdon, USA
_bRoutledge
_c2021
300 _axiii, 254p.
365 _aINR
_b995
546 _aFirst South Asia edition 2022
942 _cREF
_h370.954 14, DUT/R
999 _c1399734
_d1399734